LEADER 01349nam a2200313 i 4500 001 000000162582 003 CaOOAMICUS 005 20231213110009.0 008 070906s2007 it u000 u ita u 013 $a139946 020 $a978-88-10-41006-8 040 $aSeMil$bita 100 1 $aUrso, Filippo,$d<1966- >.$0(OLS)http://semarc/name/43056 245 13$aLa sofferenza educatrice nella Lettera agli Ebrei /$cFilippo Urso ; prefazione del card. Albert Vanhoye. 260 $aBologna :$bEDB,$c2007. 300 $a214 p. ;$c21 cm. 490 0 $aStudi biblici ;$v55 500 $aContiene : Bibliografia. 650 4$aBibbia - Sofferenza.$0(OLS)http://semarc/subject/7050 650 4$aBibbia - NT - Lettera agli Ebrei - Sofferenza.$0(OLS)http://semarc/subject/17875 700 1 $aVanhoye, Albert,$c.$0(OLS)http://semarc/name/4665 830 0$aStudi biblici ;$v55.$0(OLS)http://semarc/title/438659 850 $aSeMil 852 $aSeMil$W1$xVenegono$y1$m2YA V 55$j264031$B113922$CSeMilBibl$Z2$F124689 $81 961 $aAcquisto: Àncora (Libreria) 996 $6020$a978-88-10-41006-8$9(OLS)http://semarc/number/78777 996 $6245$aLa sofferenza educatrice nella Lettera agli Ebrei$9(OLS)http://semarc/title/146344 996 $6260$aBologna :$bEDB$9(OLS)http://semarc/publisher/29669 LEADER 01143nam a2200265 i 4500 001 000000332796 003 CaOOAMICUS 005 20210901141946.0 008 190313s2013 it u000 u ita u 013 $a51537 020 $a978-88-311-1752-4 040 $aSeMil$bita 100 1 $aDe Filippis, Renato,$d<1981- >.$0(OLS)http://semarc/name/94324 245 10$aLoquax pagina :$bla retorica nell'Occidente tardo-antico e alto-medievale /$cRenato De Filippis. 260 $aRoma :$bCittà Nuova,$c2013. 300 $a510 p. ;$c23 cm. 490 0 $aInstitutiones ;$v2 650 04$aRetorica latina - Sec. 4.-11.$0(OLS)http://semarc/subject/48215 830 0$aInstitutiones / FiTMU ;$v2.$0(OLS)http://semarc/title/434227 850 $aSeMil 852 $aSeMil$W1$xVenegono$y1$m1Q III 40$j212574$B225702$CSeMilBibl$Z2$F225702 $81 996 $6020$a978-88-311-1752-4$9(OLS)http://semarc/number/286752 996 $6245$aLoquax pagina :$bla retorica nell'Occidente tardo-antico e alto-medievale$9(OLS)http://semarc/title/421888 996 $6260$aRoma :$bCittà Nuova$9(OLS)http://semarc/publisher/29609